Notes on George Eliot's The mill on the floss
Gespeichert in:
| Format: | Buch |
|---|---|
| Sprache: | Englisch |
| Veröffentlicht: |
Londres
Metheuen Educational
1965
|
| Schriftenreihe: | Metheuen's Study-Aids
|
| Schlagworte: | |
| Tags: |
Tag hinzufügen
Keine Tags, Fügen Sie den ersten Tag hinzu!
|
MARC
| LEADER | 00000nam a2200000 a 4500 | ||
|---|---|---|---|
| 001 | UCQ3906 | ||
| 003 | CL-VaPUC | ||
| 008 | 980828e19650000UK |||||||||||||||||eng|d | ||
| 082 | 0 | 4 | |a 823.09 |b NOT |2 21 |
| 245 | 1 | 0 | |a Notes on George Eliot's The mill on the floss |
| 300 | |a 55 p | ||
| 942 | |c BK | ||
| 945 | |d 19980828 00:00:00 |a crobeson | ||
| 260 | |a Londres |b Metheuen Educational |c 1965 | ||
| 600 | 0 | |a Eliot, George |d 1819-1880 |9 346596 | |
| 650 | 7 | |a NOVELA INGLESA |2 CL-VaPUC |9 309260 | |
| 650 | 0 | |a Literatura inglesa |9 312907 | |
| 650 | 0 | |a Crítica e interpretación |9 255042 | |
| 583 | |a last modification |c 19980828 00:00:00 |k Rodrigo Vera | ||
| 490 | 0 | |a Metheuen's Study-Aids | |
| 999 | |c 274417 |d 274415 | ||
| 952 | |0 0 |1 0 |4 0 |6 823_090000000000000_NOT_1965 |7 0 |8 A |9 310577 |a BIBEDU |b BIBEDU |d 2019-11-20 |i 1459562 |o 823.09 NOT 1965 |p 1459562 |r 2019-11-20 |w 2019-11-20 |y BK |k LIT | ||